| 000 | 00926nam a2200277 a 4500 | ||
|---|---|---|---|
| 001 | 72124 | ||
| 003 | BD-RjUL | ||
| 005 | 20211209082220.0 | ||
| 008 | 170514t19561955nyu 000 0 eng d | ||
| 035 | _a(BD-RjUL)72340 | ||
| 040 |
_aOUN _cOUN _dOCL _dRCD _dBD-RjUL _beng |
||
| 041 | _aeng | ||
| 082 |
_223 _a546.3 _bMUT 1956 |
||
| 100 | 1 |
_aMuto, Toshinosuke _d1904- _9213308 |
|
| 245 | 1 | 4 |
_aThe theory of order-disorder transitions in alloys : _bOrder-disorder phenomena in metals / _cToshinosuke Muto and Yutaka Takagi |
| 260 |
_aNew York : _bAcademic Press, _cc1955, 1956 |
||
| 300 |
_a169 p. : _bill. ; _c21 cm. |
||
| 490 | 1 | _aSolid state reprints | |
| 500 | _aOriginally published in Solid state physics. | ||
| 504 | _aIncludes bibliographical footnotes. | ||
| 650 | 0 |
_aAlloys. _9160235 |
|
| 650 | 0 |
_aMetals. _9213309 |
|
| 700 | 1 |
_aTakagi, Yutaka. _9213310 |
|
| 830 | 0 |
_aSolid state reprints. _9213318 |
|
| 942 |
_2ddc _cBK |
||
| 999 |
_c72124 _d72124 |
||